Immigration Italien - Statistiken

Allgemein
  • Dieses Quiz wurde 100 mal gespielt
  • Das Durchschnittsergebnis liegt bei 18 aus 30
Antwortstatistiken
Platz Land Anzahl % Korrekt
25. Deutschland 36.980
92%
3. Marokko 432.458
84%
27. Frankreich 31.400
82%
24.. Russland 39.484
79%
2. Albanien 440.854
78%
4. China 305.089
78%
15. Tunesien 98.321
76%
21. Brasilien 54.556
75%
1. Rumänien 1.145.718
75%
26. Serbien 35.064
72%
17. Polen 91.681
71%
9. Ägypten 136.113
69%
19. Bulgarien 59.806
68%
5. Ukraine 240.428
67%
7. Indien 161.101
66%
28. Vereinigtes Königreich 31.183
64%
12. Nigeria 117.809
63%
23. Kosovo 40.414
59%
14. Senegal 111.380
54%
22 Ghana 51.619
52%
20. Nordmazedonien 58.057
52%
10. Pakistan 127.101
52%
8. Bangladesch 147.872
46%
11. Moldawien 124.545
39%
6. Philippinen 169.137
39%
29. Elfenbeinküste 31.155
34%
16. Peru 87.738
29%
13. Sri Lanka 114.910
25%
18. Ecuador 77.408
15%
30. Dominikanische Republik 30.743
8%
Keine übereinstimmenden Quizze gefunden
Verteilung der Resultate
Anzahl Personen mit jedem Resultat
Perzentil nach korrekt beantworteten Fragen
Ihre Resultats-Entwicklung
Sie haben dieses Quiz noch nicht gespielt